<?xml version="1.0" encoding="UTF-8"?>
<collection xmlns="http://www.loc.gov/MARC21/slim">
 <record>
  <leader>07213nam a22006015i 4500</leader>
  <controlfield tag="001">978-3-642-37247-6</controlfield>
  <controlfield tag="003">DE-He213</controlfield>
  <controlfield tag="005">20210624233647.0</controlfield>
  <controlfield tag="007">cr nn 008mamaa</controlfield>
  <controlfield tag="008">130321s2013    gw |    s    |||| 0|eng d</controlfield>
  <datafield tag="020" ind1=" " ind2=" ">
   <subfield code="a">9783642372476</subfield>
   <subfield code="9">978-3-642-37247-6</subfield>
  </datafield>
  <datafield tag="024" ind1="7" ind2=" ">
   <subfield code="a">10.1007/978-3-642-37247-6</subfield>
   <subfield code="2">doi</subfield>
  </datafield>
  <datafield tag="050" ind1=" " ind2="4">
   <subfield code="a">QA76.76.A65</subfield>
  </datafield>
  <datafield tag="072" ind1=" " ind2="7">
   <subfield code="a">UNH</subfield>
   <subfield code="2">bicssc</subfield>
  </datafield>
  <datafield tag="072" ind1=" " ind2="7">
   <subfield code="a">COM032000</subfield>
   <subfield code="2">bisacsh</subfield>
  </datafield>
  <datafield tag="072" ind1=" " ind2="7">
   <subfield code="a">UNH</subfield>
   <subfield code="2">thema</subfield>
  </datafield>
  <datafield tag="072" ind1=" " ind2="7">
   <subfield code="a">UDBD</subfield>
   <subfield code="2">thema</subfield>
  </datafield>
  <datafield tag="082" ind1="0" ind2="4">
   <subfield code="a">005.7</subfield>
   <subfield code="2">23</subfield>
  </datafield>
  <datafield tag="245" ind1="1" ind2="0">
   <subfield code="a">Computational Linguistics and Intelligent Text Processing</subfield>
   <subfield code="h">[electronic resource] :</subfield>
   <subfield code="b">14th International Conference, CICLing 2013, Samos, Greece, March 24-30, 2013, Proceedings, Part I /</subfield>
   <subfield code="c">edited by Alexander Gelbukh.</subfield>
  </datafield>
  <datafield tag="250" ind1=" " ind2=" ">
   <subfield code="a">1st ed. 2013.</subfield>
  </datafield>
  <datafield tag="264" ind1=" " ind2="1">
   <subfield code="a">Berlin, Heidelberg :</subfield>
   <subfield code="b">Springer Berlin Heidelberg :</subfield>
   <subfield code="b">Imprint: Springer,</subfield>
   <subfield code="c">2013.</subfield>
  </datafield>
  <datafield tag="300" ind1=" " ind2=" ">
   <subfield code="a">XXV, 576 p. 117 illus.</subfield>
   <subfield code="b">online resource.</subfield>
  </datafield>
  <datafield tag="336" ind1=" " ind2=" ">
   <subfield code="a">text</subfield>
   <subfield code="b">txt</subfield>
   <subfield code="2">rdacontent</subfield>
  </datafield>
  <datafield tag="337" ind1=" " ind2=" ">
   <subfield code="a">computer</subfield>
   <subfield code="b">c</subfield>
   <subfield code="2">rdamedia</subfield>
  </datafield>
  <datafield tag="338" ind1=" " ind2=" ">
   <subfield code="a">online resource</subfield>
   <subfield code="b">cr</subfield>
   <subfield code="2">rdacarrier</subfield>
  </datafield>
  <datafield tag="347" ind1=" " ind2=" ">
   <subfield code="a">text file</subfield>
   <subfield code="b">PDF</subfield>
   <subfield code="2">rda</subfield>
  </datafield>
  <datafield tag="490" ind1="1" ind2=" ">
   <subfield code="a">Theoretical Computer Science and General Issues ;</subfield>
   <subfield code="v">7816</subfield>
  </datafield>
  <datafield tag="505" ind1="0" ind2=" ">
   <subfield code="a">General Techniques -- Unsupervised Feature Adaptation for Cross-Domain NLP with an Application to Compositionality Grading -- Syntactic Dependency-Based N-grams: More Evidence of Usefulness in Classification -- Lexical Resources -- A Quick Tour of BabelNet 1.1 (Invited paper) -- Automatic Pipeline Construction for Real-Time Annotation -- A Multilingual GRUG Treebank for Underresourced Languages -- Creating an Annotated Corpus for Extracting Canonical Citations from Classics-Related Texts by Using Active Annotation -- Approaches of Anonymisation of an SMS Corpus -- A Corpus Based Approach for the Automatic Creation of Arabic Broken Plural Dictionaries -- Temporal Classifiers for Predicting the Expansion of Medical Subject Headings -- Knowledge Discovery on Incompatibility of Medical Concepts -- Extraction of Part-Whole Relations from Turkish Corpora -- Chinese Terminology Extraction Using EM-Based Transfer Learning Method -- Orthographic Transcription for Spoken Tunisian Arabic -- Morphology and Tokenization -- An Improved Stemming Approach Using HMM for a Highly Inflectional Language -- Semi-automatic Acquisition of Two-Level Morphological Rules for Iban Language -- Finite State Morphology for Amazigh Language -- New Perspectives in Sinographic Language Processing through the Use of Character Structure -- The Application of Kalman Filter Based Human-Computer Learning Model to Chinese Word Segmentation -- Machine Learning for High-Quality Tokenization Replicating Variable Tokenization Schemes -- Syntax and Named Entity Recognition Structural Prediction in Incremental Dependency Parsing -- Semi-supervised Constituent Grammar Induction Based on Text Chunking Information -- Turkish Constituent Chunking with Morphological and Contextual Features -- Enhancing Czech Parsing with Verb Valency Frames -- An Automatic Approach to Treebank Error Detection Using a Dependency Parser -- Topic-Oriented Words as Features for Named Entity Recognition (Best Paper Award, Second Place) -- Named Entities in Judicial Transcriptions: Extended Conditional Random Fields -- Introducing Baselines for Russian Named Entity Recognition -- Word Sense Disambiguation and Coreference Resolution Five Languages Are Better Than One: An Attempt to Bypass the Data Acquisition Bottleneck for WSD (Best Paper Award, Third Place) -- Analyzing the Sense Distribution of Concordances Obtained by Web as Corpus Approach -- MaxMax: A Graph-Based Soft Clustering Algorithm Applied to Word Sense Induction -- A Model of Word Similarity Based on Structural Alignment of Subject-Verb-Object Triples -- Coreference Annotation Schema for an Inflectional Language -- Exploring Coreference Uncertainty of Generically Extracted Event Mentions -- Semantics and Discourse -- LIARc: Labeling Implicit ARguments in Spanish Deverbal Nominalizations -- Automatic Detection of Idiomatic Clauses (Best Paper Award, First Place) -- Evaluating the Results of Methods for Computing Semantic Relatedness -- Similarity Measures Based on Latent Dirichlet Allocation -- Evaluating the Premises and Results of Four Metaphor Identification Systems -- Determining the Conceptual Space of Metaphoric Expressions -- What is being Measured in an Information Graphic?  -- Comparing Discourse Tree Structures -- Assessment of Different Workflow Strategies for Annotating Discourse Relations: A Case Study with HDRB -- Building a Discourse Parser for Informal Mathematical Discourse in the Context of a Controlled Natural Language -- Discriminative Learning of First-Order Weighted Abduction from Partial Discourse Explanations -- Facilitating the Analysis of Discourse Phenomena in an Interoperable NLP Platform.</subfield>
  </datafield>
  <datafield tag="520" ind1=" " ind2=" ">
   <subfield code="a">This two-volume set, consisting of LNCS 7816 and LNCS 7817, constitutes the thoroughly refereed proceedings of the 13th International Conference on Computer Linguistics and Intelligent Processing, CICLING 2013, held on Samos, Greece, in March 2013. The total of 91 contributions presented was carefully reviewed and selected for inclusion in the proceedings. The papers are organized in topical sections named: general techniques; lexical resources; morphology and tokenization; syntax and named entity recognition; word sense disambiguation and coreference resolution; semantics and discourse; sentiment, polarity, subjectivity, and opinion; machine translation and multilingualism; text mining, information extraction, and information retrieval; text summarization; stylometry and text simplification; and applications.</subfield>
  </datafield>
  <datafield tag="650" ind1=" " ind2="0">
   <subfield code="a">Application software.</subfield>
  </datafield>
  <datafield tag="650" ind1=" " ind2="0">
   <subfield code="a">Data mining.</subfield>
  </datafield>
  <datafield tag="650" ind1=" " ind2="0">
   <subfield code="a">Information storage and retrieval.</subfield>
  </datafield>
  <datafield tag="650" ind1=" " ind2="0">
   <subfield code="a">Artificial intelligence.</subfield>
  </datafield>
  <datafield tag="650" ind1=" " ind2="0">
   <subfield code="a">Database management.</subfield>
  </datafield>
  <datafield tag="650" ind1=" " ind2="0">
   <subfield code="a">Computational linguistics.</subfield>
  </datafield>
  <datafield tag="650" ind1="1" ind2="4">
   <subfield code="a">Information Systems Applications (incl. Internet).</subfield>
   <subfield code="0">https://scigraph.springernature.com/ontologies/product-market-codes/I18040</subfield>
  </datafield>
  <datafield tag="650" ind1="2" ind2="4">
   <subfield code="a">Data Mining and Knowledge Discovery.</subfield>
   <subfield code="0">https://scigraph.springernature.com/ontologies/product-market-codes/I18030</subfield>
  </datafield>
  <datafield tag="650" ind1="2" ind2="4">
   <subfield code="a">Information Storage and Retrieval.</subfield>
   <subfield code="0">https://scigraph.springernature.com/ontologies/product-market-codes/I18032</subfield>
  </datafield>
  <datafield tag="650" ind1="2" ind2="4">
   <subfield code="a">Artificial Intelligence.</subfield>
   <subfield code="0">https://scigraph.springernature.com/ontologies/product-market-codes/I21000</subfield>
  </datafield>
  <datafield tag="650" ind1="2" ind2="4">
   <subfield code="a">Database Management.</subfield>
   <subfield code="0">https://scigraph.springernature.com/ontologies/product-market-codes/I18024</subfield>
  </datafield>
  <datafield tag="650" ind1="2" ind2="4">
   <subfield code="a">Computational Linguistics.</subfield>
   <subfield code="0">https://scigraph.springernature.com/ontologies/product-market-codes/N22000</subfield>
  </datafield>
  <datafield tag="700" ind1="1" ind2=" ">
   <subfield code="a">Gelbukh, Alexander.</subfield>
   <subfield code="e">editor.</subfield>
   <subfield code="4">edt</subfield>
   <subfield code="4">http://id.loc.gov/vocabulary/relators/edt</subfield>
  </datafield>
  <datafield tag="710" ind1="2" ind2=" ">
   <subfield code="a">SpringerLink (Online service)</subfield>
  </datafield>
  <datafield tag="773" ind1="0" ind2=" ">
   <subfield code="t">Springer Nature eBook</subfield>
  </datafield>
  <datafield tag="776" ind1="0" ind2="8">
   <subfield code="i">Printed edition:</subfield>
   <subfield code="z">9783642372483</subfield>
  </datafield>
  <datafield tag="776" ind1="0" ind2="8">
   <subfield code="i">Printed edition:</subfield>
   <subfield code="z">9783642372469</subfield>
  </datafield>
  <datafield tag="830" ind1=" " ind2="0">
   <subfield code="a">Theoretical Computer Science and General Issues ;</subfield>
   <subfield code="v">7816</subfield>
  </datafield>
  <datafield tag="856" ind1="4" ind2="0">
   <subfield code="u">https://doi.org/10.1007/978-3-642-37247-6</subfield>
  </datafield>
  <datafield tag="912" ind1=" " ind2=" ">
   <subfield code="a">ZDB-2-SCS</subfield>
  </datafield>
  <datafield tag="912" ind1=" " ind2=" ">
   <subfield code="a">ZDB-2-SXCS</subfield>
  </datafield>
  <datafield tag="912" ind1=" " ind2=" ">
   <subfield code="a">ZDB-2-LNC</subfield>
  </datafield>
  <datafield tag="950" ind1=" " ind2=" ">
   <subfield code="a">Computer Science (SpringerNature-11645)</subfield>
  </datafield>
  <datafield tag="950" ind1=" " ind2=" ">
   <subfield code="a">Computer Science (R0) (SpringerNature-43710)</subfield>
  </datafield>
 </record>
</collection>
